Griechische Verwaltungsurkunden von Tebtynis aus dem Anfang des dritten Jahrhunderts n. Chr : (P. bibl. univ. Giss. 47-53) /

محفوظ في:

المؤلف الرئيسي: Rosenberger, Grete (مؤلف)

التنسيق: كتاب

اللغة: German

منشور في: Giessen : Topelmann, 1939.

سلاسل: Mitteilunen aus der Papyrussammlung der Giessener Universitatsbibliothek ; 6.

الموضوعات:

الوسوم: إضافة وسم

لا توجد وسوم, كن أول من يضع وسما على هذه التسجيلة!

رقم الطلب: PA3308 .G53 v.6

LEADER 00903nam a22002417a 4500
003 OSt
005 20250929070500.0
008 250929s1939 gw 000 0 ger d
040 |c ARCE Library 
043 |a f-ua--- 
050 1 4 |a PA3308  |b .G53 v.6 
100 1 |a Rosenberger, Grete,  |e author 
245 1 0 |a Griechische Verwaltungsurkunden von Tebtynis aus dem Anfang des dritten Jahrhunderts n. Chr : (P. bibl. univ. Giss. 47-53) /  |c Grete Rosenberger. 
264 1 |a Giessen :   |b Topelmann,   |c 1939. 
300 |a IV, 44 pages ;  |c 24 cm. 
490 1 |a Mitteilunen aus der Papyrussammlung der Giessener Universitatsbibliothek ;   |v 6. 
650 0 |a Germany  |x Giessen (Hesse) 
650 0 |a Manuscripts, Greek (Papyri) 
651 0 |a Egypt  |x Tebtunis (Extinct city) 
830 0 |a Mitteilunen aus der Papyrussammlung der Giessener Universitatsbibliothek ;   |v 6. 
901 |a reviewed 
942 |c BK  |2 lcc 
999 |c 22277  |d 22277